Cornerstones of managerial accounting. / (Record no. 8167)
[ view plain ]
| 000 -LEADER | |
|---|---|
| fixed length control field | 01472nam a22003135a 4500 |
| 001 - CONTROL NUMBER | |
| control field | 17455927 |
| 003 - CONTROL NUMBER IDENTIFIER | |
| control field | OSt |
| 005 - DATE AND TIME OF LATEST TRANSACTION | |
| control field | 20221124114800.0 |
| 008 - FIXED-LENGTH DATA ELEMENTS--GENERAL INFORMATION | |
| fixed length control field | 120907s2013 ohu 000 0 eng |
| 010 ## - LIBRARY OF CONGRESS CONTROL NUMBER | |
| LC control number | 2012948984 |
| 020 ## - INTERNATIONAL STANDARD BOOK NUMBER | |
| International Standard Book Number | 9781133943983 |
| 020 ## - INTERNATIONAL STANDARD BOOK NUMBER | |
| International Standard Book Number | 1133943985 |
| 040 ## - CATALOGING SOURCE | |
| Original cataloging agency | DLC |
| Transcribing agency | LC |
| 042 ## - AUTHENTICATION CODE | |
| Authentication code | pcc |
| 050 ## - LIBRARY OF CONGRESS CALL NUMBER | |
| Classification number | HF5657.4.M87(5e) |
| 100 1# - MAIN ENTRY--PERSONAL NAME | |
| Personal name | Mowen, Maryanne M. |
| 9 (RLIN) | 794 |
| 245 10 - TITLE STATEMENT | |
| Title | Cornerstones of managerial accounting. / |
| Statement of responsibility, etc. | Maryanne M. Mowen, Don R. Hansen and Dan L. Heitger. |
| 250 ## - EDITION STATEMENT | |
| Edition statement | 5th ed. |
| 260 ## - PUBLICATION, DISTRIBUTION, ETC. | |
| Place of publication, distribution, etc. | Mason, OH: |
| Name of publisher, distributor, etc. | South-Western/Cengage Learning, |
| Date of publication, distribution, etc. | 2014. |
| 263 ## - PROJECTED PUBLICATION DATE | |
| Projected publication date | 1301 |
| 300 ## - PHYSICAL DESCRIPTION | |
| Extent | xvi, 784p; |
| 505 ## - FORMATTED CONTENTS NOTE | |
| Formatted contents note | Contents: Introduction to managerial accounting -- Basic managerial accounting concepts -- Cost behavior -- Cost-volume-profit analysis: a managerial planning tool -- Job-order costing -- Process costing -- Activity-based costing and management -- Absorption and variable costing, and inventory management -- profit planning -- Standard costing: a managerial control tool -- Flexible budgets and overhead analysis -- Performance evaluation and decentralization -- Short-run decision making: relevant costing -- Capital investment decisions -- Statement of cash flows -- Financial statement analysis -- |
| 650 ## - SUBJECT ADDED ENTRY--TOPICAL TERM | |
| Source of heading or term | Managerial accounting |
| 700 ## - ADDED ENTRY--PERSONAL NAME | |
| Fuller form of name | Hansen, Don R. |
| 9 (RLIN) | 795 |
| 700 ## - ADDED ENTRY--PERSONAL NAME | |
| Fuller form of name | Heitger, Dan L. |
| 9 (RLIN) | 796 |
| 906 ## - LOCAL DATA ELEMENT F, LDF (RLIN) | |
| a | 0 |
| b | ibc |
| c | orignew |
| d | 2 |
| e | epcn |
| f | 20 |
| g | y-gencatlg |
| 942 ## - ADDED ENTRY ELEMENTS (KOHA) | |
| Source of classification or shelving scheme | Library of Congress Classification |
| Koha item type | Books |
| Withdrawn status | Lost status | Source of classification or shelving scheme | Damaged status | Not for loan | Home library | Current library | Shelving location | Date acquired | Total Checkouts | Full call number | Barcode | Date last seen | Price effective from | Koha item type |
|---|---|---|---|---|---|---|---|---|---|---|---|---|---|---|
| Library of Congress Classification | WISCONSIN INTERNATIONAL UNIVERSITY COLLEGE, GHANA KUMASI LIBRARY | WISCONSIN INTERNATIONAL UNIVERSITY COLLEGE, GHANA KUMASI LIBRARY | General Stacks | 30/10/2019 | HF5657.4.M87(5e) | K/938/938/19 | 30/11/2021 | 30/11/2021 | Books | |||||
| Library of Congress Classification | WISCONSIN INTERNATIONAL UNIVERSITY COLLEGE, GHANA KUMASI LIBRARY | WISCONSIN INTERNATIONAL UNIVERSITY COLLEGE, GHANA KUMASI LIBRARY | General Stacks | 30/10/2019 | HF5657.4.M871(5e) | K/1212/1212/19 | 24/11/2022 | 30/11/2021 | Books |
